000 00297nam a2200109Ia 4500
005 20251222152712.0
008 251222s9999||||xx |||||||||||||| ||spa||
082 _a800/M61
100 _aIzsquierdo Ríos, Francisco
245 0 _aPrimera Colección de Biografías para Niños y Niñas:
942 _cLIB
999 _c29238
_d29238